All train stations in Greater Manchester - Statistics

General Stats
  • This quiz has been taken 102 times
    83 since last reset
  • The average score is 38 of 87
Answer Stats
Group Answer % Correct
Stafford-Manchester line Stockport
91%
Liverpool-Manchester lines Manchester Piccadilly
83%
Manchester-Preston line Bolton
81%
Liverpool-Manchester lines Manchester Oxford Road
78%
Liverpool-Manchester lines Manchester Victoria
78%
Calder Valley line Rochdale
76%
Manchester-Preston line Salford Central
76%
Huddersfield line Stalybridge
76%
Manchester-Preston line Salford Crescent
74%
Mid-Cheshire line Altrincham
67%
Liverpool-Manchester lines Deansgate
65%
Manchester-Southport line Wigan Wallgate
65%
Liverpool-Manchester lines Eccles
63%
West Coast main line Wigan North Western
61%
Hope Valley line Ardwick
57%
Huddersfield line Ashton-under-Lyne
57%
Manchester-Southport line Swinton
57%
Stockport-Stalybridge line Denton
56%
Liverpool-Manchester lines Irlam
52%
Stafford-Manchester line Cheadle Hulme
50%
Buxton line Hazel Grove
50%
Hope Valley line Hyde Central
50%
Hope Valley line Marple
50%
Liverpool-Manchester lines Trafford Park
50%
Mid-Cheshire line Hale
48%
Mid-Cheshire line Navigation Road
48%
Hope Valley line Reddish North
48%
Stockport-Stalybridge line Reddish South
48%
Glossop line Gorton
46%
Liverpool-Manchester lines Urmston
46%
Hope Valley line Ashburys
44%
Glossop line Flowery Field
44%
Glossop line Guide Bridge
44%
Stafford-Manchester line Heaton Chapel
44%
Manchester-Southport line Ince
44%
Stafford-Manchester line Levenshulme
44%
Manchester-Southport line Atherton
43%
Hope Valley line Hyde North
43%
Hope Valley line Romiley
43%
Manchester-Preston line Clifton
41%
Huddersfield line Mossley
41%
Manchester-Southport line Walkden
41%
Hope Valley line Belle Vue
39%
Glossop line Broadbottom
39%
Manchester-Southport line Daisy Hill
39%
Liverpool-Manchester lines Flixton
39%
Glossop line Hattersley
39%
Liverpool-Manchester lines Patricroft
39%
Hope Valley line Rose Hill Marple
39%
Stafford-Manchester line Bramhall
37%
Calder Valley line Moston
37%
Calder Valley line Castleton
35%
Buxton line Davenport
35%
Huddersfield line Greenfield
35%
Manchester-Preston line Horwich Parkway
35%
Calder Valley line Littleborough
35%
Calder Valley line Mills Hill
35%
Glossop line Newton for Hyde
35%
Manchester-Preston line Blackrod
33%
Hope Valley line Bredbury
33%
Glossop line Godley
33%
Liverpool-Manchester lines Humphrey Park
33%
Buxton line Woodsmoor
33%
Hope Valley line Brinnington
31%
Glossop line Fairfield
31%
Manchester-Preston line Farnworth
31%
Calder Valley line Smithy Bridge
31%
Liverpool-Manchester lines Chassen Road
30%
Manchester-Southport line Hindley
30%
Manchester-Preston line Kearsley
30%
Manchester-Preston line Lostock
30%
Buxton line Middlewood
30%
Hope Valley line Ryder Brow
30%
Hope Valley line Strines
30%
Manchester-Preston line Westhoughton
30%
Ribble Valley line Hall i' th' Wood
28%
Liverpool-Wigan line Bryn
26%
Manchester-Southport line Hag Fold
26%
Manchester-Southport line Moorside
26%
Manchester-Preston line Moses Gate
26%
Hope Valley line Woodley
26%
Ribble Valley line Bromley Cross
24%
Liverpool-Manchester lines Manchester United Football Ground
24%
Kirkby branch line Orrell
24%
Kirkby branch line Pemberton
24%
Manchester-Southport line Gathurst
22%
Manchester-Southport line Appley Bridge
19%
No matching quizzes found
Score Distribution
Percent of People with Each Score
Percentile by Number Answered
Your Score History
You have not taken this quiz since the last reset